8th-Grade Spelling Bee Quiz Stats

 Plays Quiz Updated Jan 18, 2019

Support Sporcle.
Go Orange.
Score 0/15 Timer 04:00
2 Plays Today
% Correct
08. croissant
87.7%
02. cerise
71.3%
13. logorrhea
62.7%
05. syllepsis
61.8%
01. gladiolus
55.3%
03. sacrilegious
50.7%
10. elucubrate
47.9%
11. antediluvian
44.8%
% Correct
04. insouciant
44.5%
06. eudaemonic
43.8%
14. autochthonous
33.4%
09. macerate
29.7%
12. euonym
28.4%
15. cymotrichous
27.6%
07. ratoon
26.9%

From the Vault

Street Suffixes in Movie Titles

by khands

Movies 4m
There's nothing quite like a movie filmed on location, in the middle of a road.
Remove Ads.
Support Sporcle.
Get the best of Sporcle when you Go Orange. This ad-free experience offers more features, more stats, and more fun while also helping to support Sporcle. Thank you for becoming a member.

Show Comments

Extras

Top Quizzes Today


Score Distribution

Your Account Isn't Verified!

In order to create a playlist on Sporcle, you need to verify the email address you used during registration. Go to your Sporcle Settings to finish the process.

Report this User

Report this user for behavior that violates our Community Guidelines.

Details: